HIFK joukkue 2024-2025 - Statistics

Yleistilastot
  • Tätä visaa on pelattu 70 kertaa
    29 viimeisimmän päivityksen jälkeen
  • Keskiarvotulos 26 / 40
Vastaustilastot
Hint Vastaus % Oikein
#92 Niko Hovinen
100%
#81 Iiro Pakarinen
94%
#30 Roope Taponen
94%
#43 Vincent Marleau
94%
#11 Ilari Melart
88%
#21 Jori Lehterä
88%
#4 Niklas Nykyri
88%
#77 Petr Kodytek
88%
#6 Tony Sund
88%
#33 Aaron Kiviharju
81%
#71 Daniel Mäkiaho
81%
#45 Micke-Max Åsten
81%
#40 Petteri Lindbohm
81%
#10 Kristian Vesalainen
75%
#47 Leo Komarov
75%
#98 Oliver Larsen
75%
#78 Jesse Seppälä
69%
#88 Joonas Rask
69%
#19 Kasper Lundell
69%
#52 Petrus Palmu
69%
#79 Santeri Hartikainen
69%
#61 Juhani Jasu
63%
#2 Luke Martin
63%
#63 Panu Mieho
63%
#50 Rastislav Elias
63%
#82 Aatu Karjalainen
56%
#8 Petteri Nurmi
56%
#3 Ronald Knot
56%
#14 Oskari Manninen
50%
#15 Otto Somppi
50%
#46 Jasper Kuhta
44%
#54 Jere Somervuori
44%
#18 Miika Roine
44%
#49 Veeti Kuhta
44%
#37 Matias Vanhanen
38%
#13 Verneri Arkko
31%
#85 Bruno Jalasti
25%
#12 Juuso Ikonen
25%
#55 Valtteri Piiroinen
25%
#86 Joel Kerkkänen
6%
Ehtoja vastaavia visoja ei löytynyt
Tulosjakauma
Jokaisen tuloksen saaneiden osuus
Persentiili vastausten määrän mukaan
Tuloshistoriasi
Et ole pelannut tätä visaa sen viimeisimmän päivityksen jälkeen